000 01329nam a22003497a 4500
999 _c46591
_d46591
001 20240
003 CO-MdFUSB
005 20190202100421.0
008 171120s1952 enk||||| |||| 00| 0 eng d
040 _aCO-MdFUSB
_bspa
_cCO-MdFUSB
_dCO-MdFUSBC
_erda
041 0 _aeng
082 0 4 _aG 226.3 C318p v.1
100 1 _aCarrington, Philip
_eautor
245 1 4 _aThe primitive Christian calendar
_b : A study in the making of the Marcan gospel
_c/ Philip Carrington
264 1 _aCambridge, England :
_bAt the University Press,
_c[1952]
300 _aVol. 1: xv, 235 páginas
336 _2rdacontent
_atexto
_btxt
337 _2rdamedia
_asin mediación
_bn
338 _2rdacarrier
_avolumen
_bnc
500 _aIncluye índices (p. 231-235)
501 _aPasta dura
505 0 0 _aVol. 1: La teoría litúrgica de San Marcos - El año litúrgico - La narración de la pasión
650 7 _aIglesia
_xHistoria
_y(Iglesia primitiva), ca. 0030-0600
_2
_9659
650 7 _aCriticismo
_9614
650 0 _aBiblia
_916
653 _aBible-Mark-Criticism, interpretation, etc
653 _a Church year
653 _a Church history-Primitive and early church, ca 30-600
653 _aBiblia- Marcos- Crítica, interpretación, etc
653 _aHistoria de la Iglesia - Iglesia primitiva y temprana, del 30-600
942 _cBK